000 00665nam a2200181Ia 4500
008 151202s9999||||xx |||||||||||||| ||und||
082 _bPNVM-63617
100 _aवडनेरकर प्रीती.
245 _aकहाणी स्त्री जन्माची.
260 _bऋचा प्रकाशन नागपूर.
260 _c63617
300 _a98
600 _aवडनेरकर प्रीती.
630 _aकहाणी स्त्री जन्माची.
700 _aवडनेरकर प्रीती.
730 _aकहाणी स्त्री जन्माची.
942 _cBOOK
999 _c1330151
_d1330148